000 00482nam a22001817a 4500
003 MPLRDC
005 20220104114028.0
008 210129b ||||| |||| 00| 0 eng d
020 _a7-225-00491-3
082 _a813 NBE-5 v.1
100 _a王曼生主编
245 _a诺贝尔文学奖获奖作家妙语荟萃: 社会篇
_c
250 _a一版一刷
260 _a
_b青海人民出版社
_c1991
300 _b
650 _a世界文学总集
942 _cBK
_o813 NBE-5 v.1
999 _c4255
_d4245